La unidad visible de los cristianos y la tradición

Αποθηκεύτηκε σε:
Λεπτομέρειες βιβλιογραφικής εγγραφής
Κύριος συγγραφέας: Thurian, Max (Συγγραφέας)
Μορφή: Βιβλίο
Γλώσσα:Ισπανικά
Έκδοση: Madrid Península 1965
Σειρά:Colección Pensamiento Cristiano, 3
Θέματα:
Ετικέτες: Προσθήκη ετικέτας
Δεν υπάρχουν, Καταχωρήστε ετικέτα πρώτοι!

MARC

LEADER 00000nam a2200000 a 4500
001 UCL5407
003 CL-VaPUC
008 040312e19651200SP |||||||||||||||||spa|d
082 0 4 |a 262.0011  |b THU  |2 21 
100 0 |a Thurian, Max  |e author  |9 483156 
245 1 3 |a La unidad visible de los cristianos y la tradición 
300 |a 148 p 
942 |c BK 
945 |d 20040312 00:00:00  |a vberengu 
260 |a Madrid  |b Península  |c 1965 
650 0 |a Ecumenismo  |9 255639 
583 |a last modification  |c 20040312 00:00:00  |k Rodrigo Vera 
490 0 |a Colección Pensamiento Cristiano, 3 
999 |c 308013  |d 308011 
952 |0 0  |1 0  |4 0  |6 262_001100000000000_THU_1965  |7 0  |8 A  |9 374217  |a BIBTEO  |b BIBTEO  |d 2019-11-21  |i 2105489  |o 262.0011 THU 1965  |p 2105489  |r 2025-01-17  |w 2019-11-21  |y BK  |k ICR